000 00716nam a2200253Ia 4500
003 OSt
005 20221007102750.0
006 a|||||r|||| 00| 0
007 ta
008 221006b |||||||| |||| 00| 0 eng d
024 _a11,293
037 _cTextual
040 _aLCO
_cLCO
_beng
041 _2eng
_aeng
082 _aV1:5, PO
100 _aCouncil of Europe Publishing du conseil de I'Europe
_9704714
245 0 _aHuman Rights in International Law
250 _a3rd
260 _aDelhi
_bUniversal Book Traders India
_c2007
300 _a707
650 _aHUMAN RIGHT
942 _hV1:5, PO
_cTEXL
999 _c1180856
_d1180856